000
00264 a2200097 4500
001
54973
100
_a
Theraja, B. L.
245
_a
Textbook of electrical technology, 24th Ed
260
_a
New Delhi
_b
S. Chand & Co, New Delhi
_c
2005
090
_c
34065
_d
34065
942
_a
NUST-CAE
_c
MONOGRAPH
_c
26742
999
_c
290046
_d
290046